00624nam a2200217Ia 4500003000900000008004100009040001300050040001300063041000800076100001800084245002300102250001200125260001000137260000900147300001100156300001000167490000600177942000700183999001700190952019900207IT-RoPAU120407s9999 xx 000 0 und d aIT-RoPAU cIT-RoPAU aita aMarcos Pallis aIl loto e la croce aTorino  aBorla c1969 a247 p. c21 cm v1 cBK c30261d30261 00102ddc406294_22000000000000071aPAULUSbPAULUSd2012-04-11l0o294.22r2012-04-11 00:00:00w2012-04-11yBKzInserito da: Mario In data: 19 settembre 2011 fondo: Via A.Severo 56 Progr:13021